Javits Gifted and Talented Students Education Program : Background and Funding.

Summarizes legislative history and funding of the Javits gifted and talented students education program, established under the Jacob K. Javits Gifted and Talented Students Education Act of 1988, which provides grants to State and local educational agencies, institutions of higher education, and othe...

Full description

Bibliographic Details
Corporate Authors: Library of Congress. Congressional Research Service, ProQuest (Firm)
Format: eBook
Language:English
Published: [Place of publication not identified] : [publisher not identified], 2006.
Series:U.S. Congressional Research.
Subjects:
Online Access:Connect to the full text of this electronic book

MARC

Tag First Indicator Second Indicator Subfields
LEADER 00000cam a22000001a 4500
001 in00003327708
006 m d f
007 cr bn mmmapmmp
008 101207s2006 dcu o f000 0 eng d
005 20260430221839.7
035 |a cis2007853768 
040 |a ProQuest  |c ProQuest  |d UtOrBLW 
043 |a n-us--- 
099 |a CRS-2006-DSP-0438 
110 2 |a Library of Congress.  |b Congressional Research Service. 
245 1 0 |a Javits Gifted and Talented Students Education Program :  |b Background and Funding. 
264 1 |a [Place of publication not identified] :  |b [publisher not identified],  |c 2006. 
300 |a 1 online resource. 
336 |a text  |b txt  |2 rdacontent 
337 |a computer  |b c  |2 rdamedia 
338 |a online resource  |b cr  |2 rdacarrier 
500 |a Record is based on bibliographic data in ProQuest U.S. Congressional Research Digital Collection (last viewed Dec. 2010). Reuse except for individual research requires license from ProQuest, LLC. 
500 |a CRS Report. 
520 |a Summarizes legislative history and funding of the Javits gifted and talented students education program, established under the Jacob K. Javits Gifted and Talented Students Education Act of 1988, which provides grants to State and local educational agencies, institutions of higher education, and other public and private agencies for model projects, scientifically based research, demonstration and training activities designed to meet the special needs of gifted and talented students. Summarizes reauthorization activity and legislative proposals for program funding. 
500 |a Electronic resource. 
650 0 |a Educational innovations. 
650 0 |a Education  |x Research. 
650 0 |a Federal aid to education. 
655 7 |a Electronic books.  |2 local 
710 2 |a ProQuest (Firm) 
776 0 8 |i Microfiche version:   |a Library of Congress. Congressional Research Service.  |t Javits Gifted and Talented Students Education Program 
830 0 |a U.S. Congressional Research. 
856 4 0 |u http://proxy.library.tamu.edu/login?url=https://congressional.proquest.com/congcomp/getdoc?CRDC-ID=CRS-2006-DSP-0438  |z Connect to the full text of this electronic book  |t 0 
999 |a MARS 
999 f f |s b94804a8-75f5-3a26-863f-fe4ace8d3ddb  |i c9b59cb6-7f79-3ad0-9d77-3d4dc0357e88  |t 0 
952 f f |a Texas A&M University  |b College Station  |c Electronic Resources  |s www_evans  |d Available Online  |t 0  |e CRS-2006-DSP-0438  |h Other scheme 
998 f f |a CRS-2006-DSP-0438  |t 0  |l Available Online